[Event "Elit(LASK-Farsta)"]
[Site "?"]
[Date "2009.02.28"]
[Round "8"]
[White "Backelin, Rikard"]
[Black "Lund, Esben"]
[Result "1/2-1/2"]
[WhiteElo "2407"]
[BlackElo "2481"]
[PlyCount "102"]
[EventDate "2009.??.??"]

1. e4 e5 2. Nf3 Nc6 3. Bc4 Nf6 4. d3 Be7 5. O-O O-O 6. c3 d6 7. Bb3 h6 8. Nbd2
Nh7 9. Re1 Ng5 10. Nxg5 Bxg5 11. Nf1 Kh8 12. d4 Qf6 13. Ne3 Ne7 14. dxe5 dxe5
15. Ng4 Bxg4 16. Qxg4 Rad8 17. Bxg5 Qxg5 18. Qxg5 hxg5 19. Rad1 Kg8 20. f3 Rfe8
21. Kf2 Kf8 22. g3 Nc8 23. Rxd8 Rxd8 24. Rd1 Rd6 25. Ke3 Ke7 26. Rxd6 Nxd6 27.
Kd3 a5 28. a4 c6 29. Bd1 f6 30. b4 b6 31. Bb3 Nb7 32. Bd1 Kd7 33. Bb3 Kc7 34.
Ba2 Kd6 35. Kc4 Kc7 36. Kd3 Nd6 37. Bb3 Kb7 38. Be6 Ka6 39. Bd7 Kb7 40. Be6 Kc7
41. Bb3 Kd7 42. Bg8 Nb7 43. Bb3 Ke7 44. Bg8 Nd6 45. Bb3 f5 46. exf5 Nxf5 47.
Ke4 Kf6 48. Ba2 Nd6+ 49. Ke3 Nf5+ 50. Ke4 Nd6+ 51. Ke3 Nf5+ 1/2-1/2

[Event "Elit(LASK-Farsta)"]
[Site "?"]
[Date "2009.02.28"]
[Round "8"]
[White "Olsson, Linus"]
[Black "Jaderberg, Bjorn"]
[Result "1/2-1/2"]
[WhiteElo "2413"]
[BlackElo "2220"]
[PlyCount "76"]

1. d4 Nf6 2. c4 e6 3. g3 d5 4. Bg2 Be7 5. Nf3 O-O 6. O-O dxc4 7. Qc2 a6 8. Qxc4
b5 9. Qc2 Bb7 10. Bd2 Nbd7 11. Ba5 Nd5 12. Nbd2 Rc8 13. Nb3 Qe8 14. Nc5 Nxc5
15. dxc5 Nf6 16. Ne5 Bxg2 17. Kxg2 Nd7 18. Nxd7 Qxd7 19. c6 Qd5+ 20. e4 Qh5 21.
a3 Bd6 22. f4 f6 23. Rad1 Rf7 24. Rd2 g5 25. f5 exf5 26. Rxf5 Re8 27. Bc3 Be5
28. Bxe5 Rxe5 29. Rd8+ Kg7 30. Rd7 Qg4 31. Rxe5 fxe5 32. Qd3 Qe6 33. Qd5 Kf6
34. Qd1 g4 35. Qd3 Kg6 36. Qd5 Qf6 37. Rxf7 Qxf7 38. Qxe5 Qf3+ 1/2-1/2

[Event "Elit(LASK-Farsta)"]
[Site "?"]
[Date "2009.02.28"]
[Round "8"]
[White "Ong, Kezli"]
[Black "Smith, Axel"]
[Result "0-1"]
[WhiteElo "2320"]
[BlackElo "2426"]
[PlyCount "173"]

1. e4 e5 2. Nf3 Nc6 3. Bb5 Nf6 4. O-O Nxe4 5. d4 Nd6 6. Bxc6 dxc6 7. dxe5 Nf5
8. Qxd8+ Kxd8 9. Nc3 Ke8 10. h3 b6 11. Bf4 Bb4 12. Ne4 Ba6 13. Rfc1 Be2 14.
Nfd2 Bxd2 15. Bxd2 Rd8 16. Re1 Bc4 17. Bg5 Rd7 18. b3 Bd5 19. c4 Be6 20. Rad1
c5 21. f3 h6 22. Bc1 Ke7 23. Rxd7+ Bxd7 24. Kf2 h5 25. Nc3 Bc6 26. Bg5+ Ke6 27.
Ne2 Nd4 28. Nc3 h4 29. Bf4 a5 30. Bh2 a4 31. Rb1 axb3 32. axb3 Ra8 33. b4 cxb4
34. Rxb4 Ra3 35. Nb5 Ra2+ 36. Kg1 Nc2 37. Rb3 Bxb5 38. cxb5 Ne1 39. g4 hxg3 40.
Bxg3 Rg2+ 41. Kf1 Rxg3 42. Kxe1 Kxe5 43. Kf2 Rg5 44. h4 Rf5 45. Kg3 Kd6 46. Kg4
g6 47. Rd3+ Ke7 48. Rc3 Kd7 49. Rd3+ Ke7 50. Re3+ Kd6 51. Rd3+ Rd5 52. Rb3 c6
53. bxc6 Kxc6 54. f4 b5 55. Rb1 Kd6 56. Rb2 Ke6 57. Rb1 Kf6 58. Rb2 Kg7 59. Rb1
Kh6 60. Rb3 Rc5 61. Kh3 Kg7 62. Kg4 Kh7 63. Kh3 Kh6 64. Kg4 Kg7 65. Kh3 Kf6 66.
Kg4 Ke6 67. Rb1 Kd6 68. Rb2 Kc6 69. Rb1 Kb6 70. Rb2 Rf5 71. Rb1 Kc5 72. Rc1+
Kd4 73. Rd1+ Kc3 74. Rc1+ Kd3 75. Rd1+ Kc2 76. Rd4 Kc3 77. Rd7 b4 78. h5 Rxh5
79. Rxf7 b3 80. Rc7+ Kb4 81. Rc1 b2 82. Rg1 Kb3 83. Kf3 Kc2 84. Rg2+ Kc3 85.
Rg1 Rb5 86. Kg4 b1=Q 87. Rxb1 0-1

[Event "Elit(LASK-Farsta)"]
[Site "?"]
[Date "2009.02.28"]
[Round "8"]
[White "Bejtovic, Jasmin"]
[Black "Hedin, Gunnar"]
[Result "1-0"]
[WhiteElo "2337"]
[BlackElo "2146"]
[PlyCount "73"]

1. e4 e6 2. d4 d5 3. Nc3 Nf6 4. e5 Nfd7 5. f4 c5 6. Nf3 Nc6 7. Be3 a6 8. Qd2 b6
9. Bd3 cxd4 10. Nxd4 Nxd4 11. Bxd4 Bc5 12. Ne2 Bxd4 13. Nxd4 Nc5 14. O-O g6 15.
Qe3 Bb7 16. b4 Ne4 17. c4 O-O 18. Rae1 Qe7 19. cxd5 exd5 20. f5 Qxe5 21. f6 Kh8
22. Rf4 Rg8 23. Nf3 Qc3 24. Bxe4 Qxe3+ 25. Rxe3 dxe4 26. Ng5 Bd5 27. Rh4 h5 28.
g4 Rgc8 29. gxh5 Rc1+ 30. Kg2 Rc2+ 31. Kh3 Rf2 32. hxg6+ Kg8 33. gxf7+ Bxf7 34.
Nxe4 Be6+ 35. Kg3 Rf1 36. Kg2 Ra1 37. Rg3+ 1-0

[Event "Elit(LASK-Farsta)"]
[Site "?"]
[Date "2009.02.28"]
[Round "8"]
[White "Lindeman, Sven"]
[Black "Dragicevic, Drazen"]
[Result "1/2-1/2"]
[WhiteElo "2195"]
[BlackElo "2386"]
[PlyCount "134"]

1. e4 c5 2. Nf3 Nc6 3. Bb5 g6 4. Bxc6 dxc6 5. d3 Bg7 6. h3 Nf6 7. Nc3 O-O 8.
Be3 b6 9. Qd2 Re8 10. Bh6 e5 11. Bxg7 Kxg7 12. Nh2 Qd6 13. O-O-O b5 14. Ng4 Nh5
15. Qh6+ Kh8 16. g3 f6 17. Rhf1 Be6 18. Kb1 Bg8 19. Qe3 a5 20. Ne2 f5 21. exf5
gxf5 22. Qg5 Qg6 23. Qxg6 hxg6 24. Ne3 Nf6 25. Rfe1 Kg7 26. f4 Ra7 27. fxe5
Rxe5 28. Nf4 Rae7 29. Nfg2 Nd5 30. Nf1 g5 31. Rxe5 Rxe5 32. Kc1 a4 33. a3 Kf6
34. Kd2 Bf7 35. Nh2 Re8 36. Rf1 Kg6 37. h4 g4 38. Nf4+ Nxf4 39. Rxf4 c4 40. d4
c5 41. dxc5 Rc8 42. Nf1 Rxc5 43. Ne3 Be6 44. Rd4 Kf6 45. Ng2 Ke5 46. c3 Rc8 47.
Nf4 Re8 48. Ke3 Bf7 49. Rd7 Kf6+ 50. Kf2 Rb8 51. Rc7 Rd8 52. Rc6+ Ke7 53. Ke3
Rd1 54. Rc5 Rf1 55. Rxf5 Rf3+ 56. Ke4 Rxg3 57. Rxb5 Rg1 58. Kf5 g3 59. Re5+ Kd6
60. Re3 Bh5 61. Kg5 Bd1 62. h5 g2 63. Rg3 Bf3 64. h6 Be4 65. Nxg2 Bxg2 66. h7
Rh1 67. Rxg2 Rxh7 1/2-1/2

[Event "Elit(LASK-Farsta)"]
[Site "?"]
[Date "2009.02.28"]
[Round "8"]
[White "Semcesen, Daniel"]
[Black "Lagerborg, Krister"]
[Result "1-0"]
[WhiteElo "2403"]
[BlackElo "2066"]
[PlyCount "81"]

1. c4 e5 2. Nc3 d6 3. g3 g6 4. Bg2 Bg7 5. Nf3 f5 6. O-O Nf6 7. d3 O-O 8. Rb1
Nc6 9. b4 h6 10. b5 Ne7 11. a4 g5 12. Ba3 Ng6 13. Nd2 h5 14. c5 Rf7 15. cxd6
cxd6 16. Nc4 Bf8 17. Nd5 Kh8 18. Rc1 h4 19. b6 Nxd5 20. Bxd5 Rh7 21. bxa7 Rxa7
22. Qb3 Ra6 23. Nd2 f4 24. Be6 Bd7 25. Bxd7 Qxd7 26. Ne4 Be7 27. Bb2 Qh3 28.
Qxb7 hxg3 29. Qc8+ Qxc8 30. Rxc8+ Kg7 31. hxg3 Rxa4 32. Rc7 Kg8 33. Rfc1 Ra8
34. R1c6 Rb8 35. Rxd6 Rxb2 36. Rxg6+ Kf7 37. Rxg5 Rxe2 38. Rxe5 Kf8 39. Rc8+
Kf7 40. Ng5+ Bxg5 41. Rxe2 1-0

[Event "Elit(Manhem-Solna)"]
[Site "?"]
[Date "2009.02.28"]
[Round "8"]
[White "Lindberg, Bengt"]
[Black "Nithander, Victor"]
[Result "1-0"]
[WhiteElo "2426"]
[BlackElo "2465"]
[PlyCount "127"]
[SourceDate "2009.03.07"]

1. e4 c5 2. Nf3 Nc6 3. d4 cxd4 4. Nxd4 Nf6 5. Nc3 e5 6. Ndb5 d6 7. Bg5 a6 8.
Na3 b5 9. Nd5 Be7 10. Bxf6 Bxf6 11. c3 Bg5 12. Nc2 O-O 13. a4 bxa4 14. Rxa4 a5
15. Bc4 Bd7 16. O-O Ne7 17. Ra3 Nxd5 18. Bxd5 Rb8 19. b4 axb4 20. Nxb4 Qb6 21.
Ra6 Qc5 22. Rxd6 Ba4 23. Qd3 Rbc8 24. Na6 Qa3 25. Rb6 Rxc3 26. Qe2 Bc2 27. Nb4
Ba4 28. Qh5 Bd8 29. Rb8 Rc7 30. Qxe5 Qc3 31. Qxc3 Rxc3 32. g3 Bc7 33. Rb7 Bd6
34. Ra1 Bb3 35. Rb1 Bxd5 36. Nxd5 Rc2 37. R1b2 Rxb2 38. Rxb2 g6 39. Kg2 Kg7 40.
f4 Rb8 41. Ra2 Bc5 42. e5 h5 43. Rc2 Bd4 44. Kf3 Rb3+ 45. Ke4 Bg1 46. f5 gxf5+
47. Kxf5 Rb5 48. Nc7 Rc5 49. Ne8+ Kf8 50. Rxc5 Bxc5 51. Nf6 Bg1 52. h3 h4 53.
g4 Bh2 54. Ne4 Kg7 55. Ng5 Bg3 56. e6 fxe6+ 57. Nxe6+ Kf7 58. Ng5+ Kg7 59. Nf3
Kh6 60. g5+ Kg7 61. Kg4 Bc7 62. Nxh4 Ba5 63. Kf5 Bb4 64. Nf3 1-0

[Event "Elit(Manhem-Solna)"]
[Site "?"]
[Date "2009.02.28"]
[Round "8"]
[White "Carlhammar, Magnus"]
[Black "Jonsson, Mikael"]
[Result "1/2-1/2"]
[WhiteElo "2371"]
[BlackElo "2336"]
[PlyCount "47"]

1. Nf3 d5 2. g3 Bf5 3. Bg2 Nf6 4. O-O e6 5. d3 h6 6. Nbd2 Be7 7. Qe1 O-O 8. e4
dxe4 9. dxe4 Bh7 10. Ne5 Nbd7 11. Nxd7 Qxd7 12. Qe2 Rad8 13. Re1 Bg6 14. Nb3
Qa4 15. f3 Nd7 16. Be3 e5 17. Bf1 f6 18. Qc4+ Qxc4 19. Bxc4+ Bf7 20. Bxf7+ Kxf7
21. Red1 Ke6 22. Rd3 a6 23. Rad1 b6 24. Kg2 1/2-1/2

[Event "Elit(Manhem-Solna)"]
[Site "?"]
[Date "2009.02.28"]
[Round "8"]
[White "Bergstrom, Christer"]
[Black "Akesson, Joel"]
[Result "0-1"]
[WhiteElo "2367"]
[BlackElo "2382"]
[PlyCount "106"]

1. Nf3 d5 2. d4 Nf6 3. g3 Bf5 4. Bg2 e6 5. h3 h6 6. O-O Nbd7 7. c4 c6 8. Qb3
Qb6 9. Qa4 Be7 10. c5 Qd8 11. b4 a6 12. Nc3 Ne4 13. Qb3 Bf6 14. Bf4 g5 15. Be3
h5 16. Nxe4 Bxe4 17. Nd2 Bf5 18. a4 Qe7 19. f4 gxf4 20. Rxf4 Rg8 21. Kh2 Qf8
22. Rg1 Qg7 23. Bh1 Bg5 24. Rff1 Bf6 25. Nf3 Be4 26. b5 Ke7 27. bxc6 bxc6 28.
Qb7 Rgc8 29. Bf4 Bxf3 30. Bd6+ Kd8 31. Rxf3 Bxd4 32. Rgf1 f5 33. Rd3 Be5 34.
Qb4 Bxd6 35. cxd6 Rab8 36. Qa5+ Ke8 37. Bf3 h4 38. Bh5+ Kf8 39. gxh4 Qe5+ 40.
Kh1 Qxd6 41. Qd2 Qe5 42. Re3 Qf6 43. Rg3 Ke7 44. Qf4 Rg8 45. Rg5 Rxg5 46. hxg5
Qh8 47. Qh4 c5 48. Rf4 c4 49. g6+ Nf6 50. Qf2 Rb1+ 51. Kh2 Nxh5 52. Qa7+ Kf6
53. Qf7+ Kg5 0-1

[Event "Elit(Manhem-Solna)"]
[Site "?"]
[Date "2009.02.28"]
[Round "8"]
[White "Olausson, Claes-Goran"]
[Black "Johansson, Gunnar"]
[Result "1/2-1/2"]
[WhiteElo "2369"]
[BlackElo "2255"]
[PlyCount "116"]

1. e4 c5 2. Nf3 e6 3. d3 Nc6 4. g3 g6 5. Bg2 Bg7 6. O-O Nge7 7. c3 O-O 8. Be3
b6 9. d4 d6 10. Re1 Bb7 11. Qd2 Rc8 12. Bh6 e5 13. Bxg7 Kxg7 14. Na3 Ba6 15. b4
cxb4 16. cxb4 b5 17. Qb2 f6 18. Bh3 Rc7 19. Rad1 Qb8 20. Bf1 Bc8 21. h3 a6 22.
Nc2 Qb6 23. Ne3 Rd8 24. Rd2 Bb7 25. Ng4 Rcc8 26. h4 Re8 27. Red1 Rcd8 28. h5
Ng8 29. Ne3 Nxd4 30. Nxd4 exd4 31. Qxd4 Qxd4 32. Rxd4 Rxe4 33. Rxd6 Rxd6 34.
Rxd6 Re7 35. Bg2 Bxg2 36. Kxg2 Ra7 37. Nd5 gxh5 38. Rc6 a5 39. Rc5 axb4 40.
Nxb4 Rb7 41. Rxh5 Ne7 42. Rc5 Kf7 43. g4 Ke6 44. f4 Kd6 45. Rh5 Nc8 46. Kf3 Ke6
47. Ke3 Nd6 48. Kd4 Rg7 49. f5+ Kf7 50. Kc5 Rxg4 51. Kxd6 Rxb4 52. Rxh7+ Kg8
53. Rb7 Rb2 54. Ke6 Rxa2 55. Kxf6 Ra6+ 56. Kg5 b4 57. Rxb4 Kf7 58. Rb7+ Kf8
1/2-1/2

[Event "Elit(Manhem-Solna)"]
[Site "?"]
[Date "2009.02.28"]
[Round "8"]
[White "Karlsson, Tomas"]
[Black "Moberg, Karl Johan"]
[Result "1/2-1/2"]
[WhiteElo "2293"]
[BlackElo "2292"]
[PlyCount "95"]

1. e4 e5 2. Nf3 Nc6 3. Bb5 a6 4. Ba4 Nf6 5. O-O b5 6. Bb3 Bc5 7. c3 d6 8. h3
Bb7 9. d3 h6 10. Qe2 O-O 11. a4 Ne7 12. Bc2 Ng6 13. b4 Bb6 14. c4 bxc4 15. dxc4
a5 16. b5 Nh5 17. Kh2 Nhf4 18. Qd1 f5 19. Nc3 Nh4 20. Bxf4 exf4 21. Nd5 Nxf3+
22. Qxf3 Bxd5 23. cxd5 Qh4 24. exf5 Rae8 25. Be4 Bxf2 26. Rxf2 Rxe4 27. Qxe4
Qxf2 28. Ra3 Qb2 29. Rf3 Qe5 30. Rxf4 Qxe4 31. Rxe4 Rxf5 32. Rc4 Rxd5 33. Rxc7
Rd4 34. b6 Rb4 35. b7 Kh7 36. Rd7 d5 37. Rxd5 Rxb7 38. Rxa5 Rb3 39. Rb5 Ra3 40.
a5 Kg6 41. Kg1 Ra2 42. h4 Kf6 43. Kh2 Ra3 44. g3 g5 45. Kh3 Kg6 46. Rc5 Kh5 47.
Re5 Kg6 48. hxg5 1/2-1/2

[Event "Elit(Manhem-Solna)"]
[Site "?"]
[Date "2009.02.28"]
[Round "8"]
[White "Andersson, Bjorn"]
[Black "Landgren, Andreas"]
[Result "1/2-1/2"]
[WhiteElo "2353"]
[BlackElo "2210"]
[PlyCount "109"]

1. e4 c5 2. c3 Nf6 3. e5 Nd5 4. d4 cxd4 5. Nf3 Nc6 6. cxd4 d6 7. Bc4 Nb6 8. Bb5
dxe5 9. Nxe5 Bd7 10. Nxd7 Qxd7 11. Nc3 e6 12. O-O Be7 13. Qg4 O-O 14. Bxc6 bxc6
15. Bh6 Bf6 16. Rfd1 Rfd8 17. Ne4 Qe7 18. Rac1 Rac8 19. h4 Rd5 20. Rc3 Kh8 21.
Rf3 Rg8 22. Bg5 Nd7 23. Bxf6 gxf6 24. Qf4 e5 25. Qe3 c5 26. Rg3 Rxg3 27. Nxg3
Rxd4 28. Rxd4 cxd4 29. Qe4 Nf8 30. Nf5 Qd7 31. g4 Ne6 32. Nh6 d3 33. Qf3 d2 34.
Qxf6+ Ng7 35. Nxf7+ Qxf7 36. Qd8+ Ne8 37. Qxd2 Qe6 38. f3 Nd6 39. Qg5 e4 40.
fxe4 Nxe4 41. Qd8+ Kg7 42. Qd4+ Kg6 43. Qxa7 Qxg4+ 44. Kf1 Qd1+ 45. Kg2 Qe2+
46. Kg1 Qxb2 47. a4 Qe2 48. a5 h5 49. a6 Kf5 50. Qf7+ Kg4 51. a7 Qe3+ 52. Kg2
Qh3+ 53. Kg1 Qe3+ 54. Kg2 Qh3+ 55. Kg1 1/2-1/2

[Event "Elit(Manhem-Solna)"]
[Site "?"]
[Date "2009.02.28"]
[Round "8"]
[White "Dalmau, Jorgen"]
[Black "Fendrich, David"]
[Result "1-0"]
[WhiteElo "2227"]
[BlackElo "2276"]
[PlyCount "109"]

1. e4 c5 2. Nf3 e6 3. d4 cxd4 4. Nxd4 Qb6 5. Nb3 a6 6. Nc3 Qc7 7. Bd3 b5 8. Qe2
Bb7 9. O-O d6 10. Bd2 Nf6 11. a4 b4 12. Na2 d5 13. exd5 Nxd5 14. c3 Bd6 15. h3
a5 16. cxb4 axb4 17. Nd4 Nc6 18. Bb5 O-O 19. Bxc6 Bxc6 20. Rfc1 Qb6 21. Nxc6 b3
22. Ne5 Bxe5 23. Qxe5 bxa2 24. Rxa2 Rfb8 25. Bc3 f6 26. Qg3 Qb3 27. Raa1 e5 28.
Ra3 Nxc3 29. Rxc3 Qxb2 30. Rc7 Qb1+ 31. Kh2 Qg6 32. Qf3 Qe8 33. Qd5+ Kh8 34.
Rg3 Rd8 35. Qb7 Rab8 36. Qa7 Ra8 37. Qb7 Rab8 38. Qe4 Rd7 39. Rgc3 Qe7 40. Rc8+
Rd8 41. R3c7 Qe6 42. Rxd8+ Rxd8 43. Qb7 Rg8 44. a5 Qa2 45. Qb6 Qa4 46. a6 Qf4+
47. g3 Qf3 48. a7 e4 49. Qe3 Qf5 50. Rb7 Qd5 51. Rb8 h5 52. Qb3 Qxb3 53. Rxb3
e3 54. fxe3 Ra8 55. Rb8+ 1-0

[Event "Elit(Manhem-Solna)"]
[Site "?"]
[Date "2009.02.28"]
[Round "8"]
[White "Schneider, Lars-Ake"]
[Black "Bergstrom, Magnus"]
[Result "1-0"]
[WhiteElo "2338"]
[BlackElo "2176"]
[PlyCount "111"]

1. e4 c5 2. Nf3 Nc6 3. d4 cxd4 4. Nxd4 e6 5. Nc3 a6 6. Be2 Nge7 7. Bf4 d6 8.
Bg3 Nxd4 9. Qxd4 Nc6 10. Qd2 Qc7 11. O-O-O Ne5 12. f4 Nc6 13. f5 Ne5 14. fxe6
Bxe6 15. Nd5 Bxd5 16. exd5 g6 17. Bxe5 dxe5 18. d6 Qd7 19. Qd5 Bh6+ 20. Kb1 O-O
21. Bf3 Rab8 22. Qxe5 Bg7 23. Qd5 Rfd8 24. Rd3 b5 25. Rhd1 b4 26. Qc6 Qf5 27.
d7 Qe5 28. Rb3 a5 29. Qd6 Qxd6 30. Rxd6 Be5 31. Rd1 a4 32. Re3 f6 33. h3 Rb6
34. a3 bxa3 35. b3 Kf8 36. Ka2 axb3+ 37. Rxb3 Ra6 38. Rxa3 Rd6 39. Rxd6 Bxd6
40. Ra7 Ke7 41. Bc6 Bc5 42. Rc7 h5 43. Rc8 g5 44. Kb3 g4 45. hxg4 hxg4 46. Kc4
Bb6 47. Kd5 Ba7 48. c4 Bb8 49. Ke4 g3 50. Bb5 Be5 51. Kd5 Bc3 52. c5 Ba5 53. c6
f5 54. Ke5 Bb6 55. c7 Rxd7 56. Re8+ 1-0

[Event "Elit(Skara-Rockaden)"]
[Site "?"]
[Date "2009.02.28"]
[Round "8"]
[White "Blomqvist, Erik"]
[Black "Hillarp Persson, Tiger"]
[Result "0-1"]
[WhiteElo "2502"]
[BlackElo "2665"]
[PlyCount "80"]

1. d4 Nf6 2. c4 e6 3. g3 d5 4. Nf3 Be7 5. Bg2 O-O 6. O-O dxc4 7. Qc2 a6 8. Qxc4
b5 9. Qc2 Bb7 10. Bd2 Bd6 11. Ng5 Bxg2 12. Kxg2 Qc8 13. e4 Qb7 14. Re1 Nbd7 15.
Nf3 e5 16. Bg5 exd4 17. Nxd4 Rfe8 18. f3 Be5 19. Rd1 Bxd4 20. Rxd4 c5 21. Rd1
Nxe4 22. fxe4 Rxe4 23. Kf2 Rae8 24. Nc3 R4e6 25. Qd3 Ne5 26. Qd5 Qc8 27. b3 c4
28. bxc4 Nxc4 29. Re1 h6 30. Bf4 Rd8 31. Qf3 g5 32. Rxe6 Qxe6 33. Bc7 Rd2+ 34.
Kg1 Qh3 35. Ne2 Qd7 36. Nc3 Qd4+ 37. Kh1 Rd3 38. Rd1 Rxf3 39. Rxd4 Rxc3 40.
Rd8+ Kg7 0-1

[Event "Elit(Skara-Rockaden)"]
[Site "?"]
[Date "2009.02.28"]
[Round "8"]
[White "Eklund, Lars-Goran"]
[Black "Hermansson, Emil"]
[Result "1-0"]
[WhiteElo "2383"]
[BlackElo "2474"]
[PlyCount "77"]

1. Nf3 d5 2. c4 d4 3. e3 c5 4. b4 dxe3 5. fxe3 cxb4 6. d4 Nf6 7. Bd3 Nbd7 8.
O-O e5 9. Nbd2 Bd6 10. Bb2 Qe7 11. Qc2 O-O 12. Rae1 Re8 13. c5 Bc7 14. Bc4 e4
15. Ng5 Bxh2+ 16. Kxh2 Ng4+ 17. Kg1 Qxg5 18. Bxf7+ Kh8 19. Bxe8 Qh4 20. Nf3
exf3 21. gxf3 Ndf6 22. Bb5 Nh6 23. Qf2 Qh5 24. e4 Bh3 25. Qg3 Bxf1 26. Bxf1 Rc8
27. Bh3 Rc6 28. e5 Nfg8 29. e6 Nf5 30. Qg4 Qxg4+ 31. fxg4 Nfe7 32. Bg2 Ra6 33.
d5 Rxa2 34. Re2 Ra5 35. d6 Rxc5 36. d7 a5 37. d8=Q a4 38. Bxg7+ Kxg7 39. Qd4+
1-0

[Event "Elit(Skara-Rockaden)"]
[Site "?"]
[Date "2009.02.28"]
[Round "8"]
[White "Bator, Robert"]
[Black "Andersson, Goran"]
[Result "1-0"]
[WhiteElo "2439"]
[BlackElo "2299"]
[PlyCount "91"]

1. d4 Nf6 2. Nf3 e6 3. c4 b6 4. a3 Bb7 5. Nc3 d5 6. cxd5 Nxd5 7. Bd2 Be7 8.
Qa4+ c6 9. e4 Nxc3 10. Bxc3 O-O 11. Rd1 Nd7 12. Bd3 c5 13. Bb5 a6 14. Bxd7 b5
15. Bxb5 axb5 16. Qc2 f5 17. dxc5 Qc8 18. O-O Bxe4 19. Qe2 Bxf3 20. gxf3 Bf6
21. Bxf6 Rxf6 22. Qe5 f4 23. Rfe1 Rf5 24. Qxe6+ Qxe6 25. Rxe6 Rxc5 26. Rd7 Rg5+
27. Kf1 Rc8 28. h4 Rh5 29. Ree7 g6 30. Rb7 Rf8 31. Kg2 Kh8 32. Red7 Rg8 33. Rf7
g5 34. hxg5 Rgxg5+ 35. Kf1 Rh4 36. Rf8+ Rg8 37. Rxg8+ Kxg8 38. Rxb5 Rh1+ 39.
Kg2 Rb1 40. Rb7 h5 41. a4 Ra1 42. Rb4 Rb1 43. b3 Kg7 44. a5 Kg6 45. a6 Ra1 46.
Ra4 1-0

[Event "Elit(Skara-Rockaden)"]
[Site "?"]
[Date "2009.02.28"]
[Round "8"]
[White "Djurhuus, Rune"]
[Black "Lissang, Christopher"]
[Result "1-0"]
[WhiteElo "2561"]
[BlackElo "2345"]
[PlyCount "127"]

1. d4 Nf6 2. c4 e6 3. Nc3 Bb4 4. e3 c5 5. Bd3 O-O 6. Nf3 d5 7. O-O dxc4 8. Bxc4
cxd4 9. exd4 b6 10. Bg5 Bb7 11. Rc1 Bxc3 12. Rxc3 Nbd7 13. Re1 Rc8 14. Qb3 h6
15. Bh4 Bd5 16. Bxd5 Rxc3 17. Qxc3 Nxd5 18. Bxd8 Nxc3 19. Bxb6 Nxa2 20. Bxa7
Ra8 21. Bc5 Nxc5 22. dxc5 Rc8 23. Re5 Nb4 24. Ne1 Na6 25. Kf1 Nxc5 26. b4 Nd7
27. Re2 Kf8 28. Nd3 Rc3 29. Rd2 Nb6 30. Ke2 Nc4 31. Ra2 e5 32. Nc5 Nb6 33. Ra6
Nd5 34. Nd7+ Ke7 35. Nxe5 Nxb4 36. Ra7+ Ke6 37. Nxf7 Rc2+ 38. Kf3 Rc3+ 39. Kg4
Rc4+ 40. Kh5 Kf6 41. g3 Nd3 42. Nd6 Rc5+ 43. Kh4 Re5 44. f4 g5+ 45. fxg5+ hxg5+
46. Kh5 Re2 47. h3 Nf2 48. Ra8 Nxh3 49. Rf8+ Kg7 50. Rf7+ Kg8 51. Ra7 Nf2 52.
Nf5 Re6 53. Nh6+ Kh8 54. Nf7+ Kg8 55. Nxg5 Rb6 56. Re7 Nh1 57. g4 Nf2 58. Re8+
Kg7 59. Ne6+ Kh7 60. g5 Rb5 61. Re7+ Kg8 62. Rg7+ Kh8 63. Rf7 Re5 64. Re7 1-0

[Event "Elit(Skara-Rockaden)"]
[Site "?"]
[Date "2009.02.28"]
[Round "8"]
[White "Engqvist, Thomas"]
[Black "Cederqvist, Niclas"]
[Result "1/2-1/2"]
[WhiteElo "2468"]
[BlackElo "2166"]
[PlyCount "128"]

1. c4 c6 2. d4 d5 3. e3 e6 4. Nf3 Nf6 5. Nc3 Nbd7 6. Qc2 Be7 7. Bd3 O-O 8. O-O
h6 9. b3 b6 10. Bb2 Bb7 11. Rfd1 Rc8 12. Rac1 Qc7 13. Qe2 Qb8 14. Ne5 Rfd8 15.
f4 c5 16. cxd5 Bxd5 17. Nxd5 Nxd5 18. Kh1 Qa8 19. Ba6 Rc7 20. Bb5 N7f6 21. Qf3
a6 22. Be2 b5 23. e4 Nb6 24. Bd3 Rdc8 25. dxc5 Rxc5 26. Rxc5 Bxc5 27. Bb1 Rd8
28. Rc1 Rc8 29. h3 Be7 30. Rxc8+ Qxc8 31. Qc3 Qxc3 32. Bxc3 Nbd7 33. Nc6 Bc5
34. g3 Kf8 35. Kg2 Ne8 36. Bd3 Nc7 37. Kf3 f6 38. a4 Ke8 39. Kg4 Bf2 40. Kf3
Bg1 41. axb5 Nxb5 42. Bxb5 axb5 43. b4 Bb6 44. Ke2 Nf8 45. Bd4 Kd7 46. Bxb6
Kxc6 47. Bc5 Nd7 48. Be7 f5 49. Kf3 h5 50. g4 hxg4+ 51. hxg4 g6 52. Ke3 fxg4
53. Kf2 e5 54. Kg3 exf4+ 55. Kxg4 Nb8 56. Kxf4 Kd7 57. Bf8 Ke6 58. Bg7 Nc6 59.
Bc3 Nd8 60. Kg5 Nc6 61. Kf4 Nd8 62. Kg5 Nc6 63. Kxg6 Nxb4 64. Bxb4 Ke5 1/2-1/2

[Event "Elit(Skara-Rockaden)"]
[Site "?"]
[Date "2009.02.28"]
[Round "8"]
[White "Nyman, Johan"]
[Black "Zadruzny, Nikolaj"]
[Result "0-1"]
[WhiteElo "2019"]
[BlackElo "2311"]
[PlyCount "76"]

1. d4 Nf6 2. c4 e6 3. Nc3 Bb4 4. e3 c5 5. Bd3 Nc6 6. Nge2 Bxc3+ 7. bxc3 d6 8.
O-O e5 9. Qc2 Qe7 10. f3 O-O 11. Bf5 Bxf5 12. Qxf5 Nd7 13. Ng3 Na5 14. Qg4 Qe6
15. Nf5 g6 16. e4 Kh8 17. Bh6 Rg8 18. d5 gxf5 19. Qxg8+ Rxg8 20. dxe6 fxe6 21.
Rfd1 Nxc4 22. Rxd6 Nxd6 23. Rd1 Nf7 24. Rxd7 Nxh6 25. Rxb7 fxe4 26. fxe4 Rg4
27. Rxa7 Rxe4 28. h3 Rc4 29. a4 Rxc3 30. a5 Ra3 31. a6 Nf5 32. Ra8+ Kg7 33. a7
Nd4 34. Kf2 c4 35. Rc8 Rxa7 36. Rxc4 Kf6 37. Rc8 Kf5 38. Ke3 Ra3+ 0-1

[Event "Elit(Skara-Rockaden)"]
[Site "?"]
[Date "2009.02.28"]
[Round "8"]
[White "Hedman, Erik"]
[Black "Nyman, Viktor"]
[Result "1-0"]
[WhiteElo "2420"]
[BlackElo "1984"]
[PlyCount "61"]

1. e4 c5 2. Nf3 Nc6 3. d4 cxd4 4. Nxd4 Nf6 5. Nc3 e5 6. Ndb5 d6 7. Bg5 a6 8.
Na3 b5 9. Nd5 Be7 10. Bxf6 Bxf6 11. c4 b4 12. Nc2 a5 13. g3 O-O 14. h4 g6 15.
Bh3 Bxh3 16. Rxh3 Bg7 17. h5 f5 18. hxg6 hxg6 19. exf5 Rxf5 20. Nce3 Rg5 21.
Qf3 Qf8 22. Qe4 Ra7 23. O-O-O Nd4 24. Kb1 Rf7 25. f4 exf4 26. gxf4 Rh5 27. Rxh5
gxh5 28. Rh1 Ne2 29. Rxh5 Rxf4 30. Qh7+ Kf7 31. Nxf4 1-0

[Event "Elit(Skara-Rockaden)"]
[Site "?"]
[Date "2009.02.28"]
[Round "8"]
[White "Jacobsson, Erik"]
[Black "Hanoman, Tony"]
[Result "1-0"]
[WhiteElo "2110"]
[BlackElo "1933"]
[PlyCount "77"]

1. e4 c5 2. Nf3 d6 3. d4 cxd4 4. Nxd4 Nf6 5. Nc3 a6 6. Be3 e5 7. Nb3 Be6 8. f3
Nbd7 9. Qd2 Be7 10. O-O-O O-O 11. g4 b5 12. Kb1 Nb6 13. Qf2 Nfd7 14. Nd5 Bxd5
15. exd5 Nc4 16. Bc1 a5 17. Bd3 a4 18. Nd2 Qb6 19. Qxb6 Ndxb6 20. Ne4 b4 21.
Ng3 g6 22. h4 Ra5 23. Be4 Rfa8 24. Nf1 Rb5 25. Rh2 b3 26. cxb3 axb3 27. a3 Raa5
28. Nd2 Ne3 29. Re1 Nbc4 30. Bd3 Ra4 31. Ne4 Nxd5 32. Rd1 Rba5 33. Bxc4 Rxc4
34. Bg5 f6 35. Bc1 Rc6 36. h5 Kf7 37. hxg6+ hxg6 38. Rh7+ Ke6 39. Rh6 1-0

[Event "Elit(Kamraterna-Vasteras)"]
[Site "?"]
[Date "2009.02.28"]
[Round "8"]
[White "Nilsson, Andre"]
[Black "Svensson, Bengt"]
[Result "1/2-1/2"]
[WhiteElo "2333"]
[BlackElo "2479"]
[PlyCount "29"]

1. g3 c5 2. Bg2 Nc6 3. e4 g6 4. d3 Bg7 5. f4 d6 6. Nf3 e6 7. O-O Nge7 8. c3 O-O
9. a4 b6 10. Be3 Ba6 11. Bf2 Qd7 12. Na3 Rac8 13. Re1 Rfd8 14. Nc2 Na5 15. h4
1/2-1/2

[Event "Elit(Kamraterna-Vasteras)"]
[Site "?"]
[Date "2009.02.28"]
[Round "8"]
[White "Hamark, Jesper"]
[Black "Eriksson, Anders"]
[Result "1/2-1/2"]
[WhiteElo "2378"]
[BlackElo "2367"]
[PlyCount "84"]

1. d4 Nf6 2. c4 e6 3. Nc3 Bb4 4. Qc2 O-O 5. e4 d5 6. e5 Ne4 7. a3 Bxc3+ 8. bxc3
c5 9. Bd3 Qa5 10. Ne2 cxd4 11. cxd5 exd5 12. f3 Nxc3 13. Nxd4 Nb5+ 14. Bd2 Nxd4
15. Bxh7+ Kh8 16. Bxa5 Nxc2+ 17. Bxc2 Nc6 18. Bc7 Nxe5 19. O-O-O Nc6 20. Rxd5
Kg8 21. Bd6 Rd8 22. Rhd1 Be6 23. Rc5 Rac8 24. Kb1 b6 25. Rc3 Na5 26. Rxc8 Rxc8
27. Bd3 Nc4 28. Bxc4 Rxc4 29. Kb2 f6 30. Re1 Kf7 31. Rc1 Rd4 32. Rc7+ Kg8 33.
Bg3 Bf5 34. Rxa7 Rd2+ 35. Kc3 Rc2+ 36. Kd4 Rxg2 37. Rb7 Rd2+ 38. Ke3 Rb2 39.
Bd6 Rb3+ 40. Kf4 Bd3 41. Re7 Bc4 42. Re3 Rxe3 1/2-1/2